00000000cam 2200000zi 4500
0019.959637
003CaOODSP
00520260209095011
006m     o  d f      
007cr |n|||||||||
008260206e198601  oncad   ob   f000 0 fre d
020 |z0662935969
040 |aCaOODSP|bfre|erda|cCaOODSP
041 |afre|beng|bfre
043 |an-cn---
0861 |aEn49-9/1-1F-PDF|zEn49-9/1-1F
24500|aCode de recommandations techniques pour la protection de l'environnement applicable aux centrales à vapeur : |bphase de la conception.
264 1|aOttawa (Ontario) : |bEnvironnement Canada, Service de la protection de l'environnement, Direction des programmes industriels, |cjanvier 1986.
300 |a1 ressource en ligne (viii, 71 pages) : |billustrations, graphiques.
336 |atexte|btxt|2rdacontent/fre
337 |ainformatique|bc|2rdamedia/fre
338 |aressource en ligne|bcr|2rdacarrier/fre
4901 |aSérie de la protection de l'environnement ; |vSPE 1/PG/1
500 |aÉdition numérisée de l’imprimé [par Environnement et changement climatique Canada].
500 |aPublié aussi en anglais sous le titre : Environmental codes of practice for steam electric power generation : design phase.
504 |aComprend des références bibliographiques (page 71).
520 |a« Le present Code de recommandations techniques à la phase de la conception s'adresse à l'industrie des centrales à vapeur. Il fait partie d'un ensemble de guides techniques qui sont élaborés présentement à l'intention de ces centrales. Celles-ci comprennent d'une part les centrales à combustibles fossiles (gaz, mazout, charbon) et d'autre part les centrales nucléaires (réacteurs a l'eau lourde CANDU). Le présent guide traite des problèmes que pose, sur le plan de l'environnement, l'utilisation d'eau et la production de déchets solides » -- Résumé.
546 |aRésumés en anglais et en français.
650 6|aCentrales thermiques|xAspect de l'environnement|zCanada.
650 6|aCentrales électriques|xAspect de l'environnement|zCanada.
7101 |aCanada.|bDirection générale de la protection de l'environnement.|bDirection des programmes industriels, |eorganisme de publication.
77508|tEnvironmental codes of practice for steam electric power generation : |w(CaOODSP)9.911079
830#0|aSérie de la protection de l'environnement ;|vSPE 1/PG/1.|w(CaOODSP)9.854306
85640|qPDF|s3.82 Mo|uhttps://publications.gc.ca/collections/collection_2026/eccc/En49-9-1-1-fra.pdf